Walt Whitman's Western jaunt /

Bibliographic Details
Main Author: Eitner, Walter H., 1919-
Format: Book
Language:English
Published: Lawrence : Regents Press of Kansas, [1981]
Subjects:

MARC

Tag First Indicator Second Indicator Subfields
LEADER 00000cam a2200000 a 4500
001 in00000071625
005 20151008062321.0
008 801205s1981 ksua b 00110bengm
010 |a  80029336  
020 |a 0700602127 :  |c $17.50 
035 |a (OCoLC)07178264 
035 |9 AAJ9965AM 
040 |a DLC  |c DLC  |d m.c.  |d OCL  |d TXA  |d UtOrBLW 
043 |a n-usp-- 
049 |a TXAM  |c [1387326] 
050 0 0 |a PS3234  |b .E34 
082 0 |a 811/.3  |a B  |2 19 
100 1 |a Eitner, Walter H.,  |d 1919- 
245 1 0 |a Walt Whitman's Western jaunt /  |c Walter H. Eitner. 
264 1 |a Lawrence :  |b Regents Press of Kansas,  |c [1981] 
264 4 |c ©1981 
300 |a xvi, 123 pages :  |b illustrations ;  |c 24 cm. 
336 |a text  |b txt  |2 rdacontent 
337 |a unmediated  |b n  |2 rdamedia 
338 |a volume  |b nc  |2 rdacarrier 
500 |a Includes index. 
504 |a Bibliography: pages 117-118. 
580 |a Part of The Roger Asselineau Whitman Collection. 
600 1 0 |a Whitman, Walt,  |d 1819-1892  |x Travel  |z West (U.S.) 
650 0 |a Poets, American  |y 19th century  |v Biography. 
651 0 |a West (U.S.)  |x In literature. 
651 0 |a West (U.S.)  |x Description and travel. 
773 0 |t Roger Asselineau Whitman Collection. 
999 |a MARS 
999 f f |s 70068122-f1c3-39a4-940d-038b15042719  |i baa64c87-9a3d-3f1f-b892-a9db5fca17f4  |t 0 
952 f f |p noncirc  |a Texas A&M University  |b College Station  |c Cushing Memorial Library & Archives  |d Cushing: Literature/Whitman (Does not check out)  |t 0  |e PS3234 .E34 1981  |h Library of Congress classification  |i unmediated -- volume 
952 f f |p ric  |a Texas A&M University  |b Rellis Campus  |c Joint Library Facility  |d Remote Storage  |t 0  |e PS3234 .E34  |h Library of Congress classification  |i unmediated -- volume  |m A14806190127 
998 f f |a PS3234 .E34  |t 0  |l Remote Storage 
998 f f |a PS3234 .E34 1981  |t 0  |l Cushing: Literature/Whitman (Does not check out)